| 000 | 00384nam a2200133 4500 | ||
|---|---|---|---|
| 005 | 20260530113903.0 | ||
| 100 | 1 |
_aEdholm / Ergonomía _932529 |
|
| 245 | 1 | 0 | _aLa Biología del trabajo • Biblioteca para el hombre Actual |
| 264 | 1 |
_bMcGraw Hill Company _c1977 |
|
| 300 | _a256 páginas | ||
| 336 |
_atexto _2rdacontent |
||
| 337 |
_asin medio _2rdamedia |
||
| 338 |
_avolumen _2rdacarrier |
||
| 999 |
_c11857 _d11857 |
||